L'Ensenyament a Catalunya durant el trienni liberal (1820-1823) : el mètode dels Escolapis / Joan Florensa i Parés el mètode dels Escolapis / Joan Florensa i Parés
Descripción Física:
456 p. : il. ; 24 cm
Colección:
Scripta et documenta ; 53
MARC
| LEADER | 00000nam a2200000Ia 4500 | ||
|---|---|---|---|
| 001 | 11461 | ||
| 008 | 160829s1996 xx 000 0 cat d | ||
| 080 | |a E-1-78 | ||
| 100 | |a Florensa i Parés, Joan |9 32014 | ||
| 245 | |a L'Ensenyament a Catalunya durant el trienni liberal (1820-1823) : |b el mètode dels Escolapis / Joan Florensa i Parés | ||
| 260 | |a Barcelona : |b Publicacions de l'Abadia de Montserrat, |c 1996 | ||
| 300 | |a 456 p. : |b il. ; |c 24 cm | ||
| 490 | |a Scripta et documenta ; 53 | ||
| 590 | |a Premi Flos i Calcat, de l'Institut d'Estudis Catalans, 1995 | ||
| 650 | |a Ensenyament |x Catalunya |x 1820/1823 |9 32015 | ||
| 650 | |a Escolapis |9 32016 | ||
| 901 | |a Arxiu | ||
| 942 | |n 1 | ||
| 952 | |0 0 |1 0 |4 0 |6 E178 |7 1 |9 45837 |a Arxiu |b Arxiu |d 2016-12-01 |l 0 |o E-1-78 |p 11461 |r 2016-12-01 00:00:00 |w 2016-12-01 |y ARXIU | ||
| 999 | |c 49337 |d 49337 | ||